00990cam a2200253 a 4500001000800000005001700008008004100025010001700066020001500083040001800098050002500116082002100141100003000162245007400192260003600266300003400302440007200336504006400408650008400472700002200556942001200578999001700590952012900607398129020001031081325.0951030s1996 nyua b 001 0 eng  a 95047560  a0070571945 aDLCcDLCdDLC00aTK7874.75b.S27 199600a621.395222bSAR1 aSarrafzadeh, Majid.9641413aAn introduction to VLSI physical design /cM. Sarrafzadeh, C.K. Wong. aNew York :bMcGraw Hill,c1996. axvi, 334 p. :bill. ;c24 cm. 0aMcGraw-Hill series in computer science.pComputer engineering96415 aIncludes bibliographical references (p. 307-324) and index. 0aIntegrated circuitsxVery large scale integrationxComputer-aided design.964161 aWong, C. K.96417 2ddccBB c11884d11884 00102ddc40708Alef-BaaaMAINbMAINc1STd2009-06-18epurchaseg150.00l0o621.395 SARp000016819r2025-07-15 00:00:00yBB